000 01675nam0a2200313 4500
001 RU\NLR\bibl\34904
005 20260406042023.0
010 _a5-7310-0976-7
_9300
021 _aRU
_b99-11305
_9542
035 _a(NLR Aleph) 000034012
090 _a172833
_c172833
100 _a19990624d1999 |||y0rusy50 ca
101 0 _arus
102 _aRU
105 _aa |||||||||
200 1 _aКультура организации международных бизнес-коммуникаций
_eУчеб. пособие
_fВ.В. Томилов
_gМ-во общ. и проф. образования Рос. Федерации, С.-Петерб. гос. ун-т экономики и финансов. Каф. маркетинга
210 _aСПб.
_cИзд-во СПбГУЭФ
_d1999
215 _a108 с.
_cсхем.
_d20
320 _aБиблиогр. : с. 106
606 0 _aБизнес-коммуникации, международные
_jРуководства, пособия и т.п. для высшей школы
_xОрганизационная культура
_92095933
_3RU\NLR\auth\661268137
606 0 _aБизнес-коммуникации, международные
_jУчебные издания для высшей школы
_xОрганизационная культура
_92095933
_3RU\NLR\auth\661268137
686 _aУ5-13я73
700 1 _4070
_8rus
_7ca
_aТомилов
_bВ. В.
_gВладимир Васильевич
_3RU\NLR\auth\772335
_9112350
801 0 _aRU
_bNLR
_c19990624
_gPSBO
801 1 _aRU
_bNLR
_c19990624
852 _aNLR
_j99-3/6045
942 _cBOOK
980 _aNB